Öğretmen adaylarının ölçme ve değerlendirme yeterliklerine ilişkin algıları/ (Record no. 14880)
| 000 -BAŞLIK | |
|---|---|
| Sabit Uzunluktaki Kontrol Alanı | 01283nam a22003977a 4500 |
| 001 - KONTROL NUMARASI | |
| Control Dosyası | 0014917 |
| 003 - KONTROL NUMARASI KİMLİĞİ | |
| Kontrol Alanı | KOHA_MİRAKIL |
| 005 - EN SON İŞLEM TARİHİ ve ZAMANI | |
| Kontrol Alanı | 20260207002011.0 |
| 007 - FİZİKSEL TANIM SABİT ALAN - GENEL BİLGİ | |
| Sabit uzunluklu kontrol alanı | ta |
| 008 - SABİT UZUNLUKTAKİ VERİ ÖGELERİ - GENEL BİLGİ | |
| Sabit Alan | 100809b2004 tu a|||gr||||#||||0|tur | |
| 020 ## - ISBN - ULUSLARARASI STANDART KİTAP NUMARASI | |
| Isbn | 9750602722 |
| Kullanılabilirlik koşulları | 0,01 |
| 040 ## - KATALOGLAMA KAYNAĞI | |
| Özgün Kataloglama Kurumu | TR-BiSEU |
| Kataloglama Dili | tur |
| Çeviri Kurumu | TR-BiSEU |
| Açıklama Kuralları | rda |
| 041 0# - DİL KODU | |
| Metin ya da ses kaydının dil kodu | tur |
| 044 ## - YAYINLAYAN/ÜRETEN KURULUŞUN ÜLKE KODU | |
| ISO country code | tu |
| 050 ## - SINIFLAMA ve YER NUMARASI | |
| Sınıflama Numarası | LB3051 |
| Yer Numarası | .K37 2004 |
| 100 1# - KİŞİ ADI | |
| Yazar Adı (Kişi adı) | Karaca, Erol. |
| 245 1# - ESER ADI BİLDİRİMİ | |
| Başlık | Öğretmen adaylarının ölçme ve değerlendirme yeterliklerine ilişkin algıları/ |
| Sorumluluk Bildirimi | Erol Karaca ; Erol Karaca. |
| 264 #1 - ÜRERİM, YAYIN, DAĞITIM ve TELİF BİLDİRİMİ | |
| Yayın yeri | Eskişehir : |
| Yayınlayan | Anadolu Üniversitesi |
| Yayın tarihi | 2004 |
| 300 ## - FİZİKSEL TANIMLAMA | |
| Sayfa, Cilt vb. | x,265 sayfa: tablo; 23 cm. |
| 336 ## - İÇERİK TÜRÜ | |
| Content type term | metin |
| Content type code | txt |
| Source | rdacontent |
| 337 ## - MEDYA TÜRÜ | |
| Media type term | aracısız |
| Media type code | n |
| Source | rdamedia |
| 338 ## - TAŞIYICI TÜRÜ | |
| Carrier type term | cilt |
| Carrier type code | nc |
| Source | rdacarrier |
| 490 1# - DİZİ BİLDİRİMİ | |
| Dizi Bildirimi | Anadolu Üniversitesi yayınları ; |
| Cilt Numarası | no. |
| 490 1# - DİZİ BİLDİRİMİ | |
| Dizi Bildirimi | 1549. |
| 490 1# - DİZİ BİLDİRİMİ | |
| Dizi Bildirimi | Eğitim Fakültesi yayınları ; |
| Cilt Numarası | no. |
| 490 1# - DİZİ BİLDİRİMİ | |
| Dizi Bildirimi | 90 |
| 650 #0 - KONU BAŞLIĞI EK GİRİŞ - KONU TERİMİ | |
| Konusal terim veya coğrafi ad | Education--Evaluation. |
| 9 (RLIN) | 34690 |
| 650 #0 - KONU BAŞLIĞI EK GİRİŞ - KONU TERİMİ | |
| Konusal terim veya coğrafi ad | Eğitim--Değerlendirme. |
| 9 (RLIN) | 34691 |
| 650 #0 - KONU BAŞLIĞI EK GİRİŞ - KONU TERİMİ | |
| Konusal terim veya coğrafi ad | Teachers--Evaluation. |
| 9 (RLIN) | 34692 |
| 650 #0 - KONU BAŞLIĞI EK GİRİŞ - KONU TERİMİ | |
| Konusal terim veya coğrafi ad | Öğretmenler--Değerlendirme. |
| 9 (RLIN) | 34693 |
| 830 1# - SERİ EK GİRİŞİ - TEKBİÇİM ESER ADI | |
| Tekbiçim Başlık | Anadolu Üniversitesi yayınları ; |
| Volume number/sequential designation | no. |
| 9 (RLIN) | 7107 |
| 830 1# - SERİ EK GİRİŞİ - TEKBİÇİM ESER ADI | |
| Tekbiçim Başlık | 1549. |
| 9 (RLIN) | 34694 |
| 830 1# - SERİ EK GİRİŞİ - TEKBİÇİM ESER ADI | |
| Tekbiçim Başlık | Eğitim Fakültesi yayınları ; |
| Volume number/sequential designation | no. |
| 9 (RLIN) | 15887 |
| 830 1# - SERİ EK GİRİŞİ - TEKBİÇİM ESER ADI | |
| Tekbiçim Başlık | 90 |
| 9 (RLIN) | 20568 |
| 942 ## - EK GİRİŞ ÖGELERİ (KOHA) | |
| Source of classification or shelving scheme | Library of Congress Classification |
| Koha item type | Book |
| Materyal Türü | Kalıcı Konum | Mevcut Konum | Raf Yeri | Sınıflandırma Kaynağı | Edinim Bilgisi | Ana Konular | Alt Konular | Yer Numarası | Demirbaş Numarası | Fatura Tarihi | Geri Çekilme Durumu | Kayıp Durumu | Hasarlı Durumu | Kredi için değil | Kayıt Tarih | Toplam Ödünçverme | Son Görülme Tarihi | Son Kontrol Tarihi | Genel / Bağış Notu |
|---|---|---|---|---|---|---|---|---|---|---|---|---|---|---|---|---|---|---|---|
| Book | BŞEÜ Gölpazarı MYO Kütüphanesi | BŞEÜ Gölpazarı MYO Kütüphanesi | Library of Congress Classification | Bağış | EĞİTİM | Eğitim Teorisi ve Uygulaması | LB3051 .K37 2004 | 0018603 | 02/02/2026 | 02/07/2010 | 05/12/2024 | 05/12/2024 | Genel Bağış | ||||||
| Book | BŞEÜ Pazaryeri MYO Kütüphanesi | BŞEÜ Pazaryeri MYO Kütüphanesi | Library of Congress Classification | Bağış | EĞİTİM | Eğitim Teorisi ve Uygulaması | LB3051 .K37 2004 | 0020424 | 02/02/2026 | 09/08/2010 | 05/12/2024 | 05/12/2024 | Genel Bağış | ||||||
| Book | Prof. Dr. Azmi Özcan Kütüphanesi | Prof. Dr. Azmi Özcan Kütüphanesi | Uluğbey Salonu | Library of Congress Classification | Bağış | EĞİTİM | Eğitim Teorisi ve Uygulaması | LB3051 .K37 2004 | 0014917 | 13/08/2010 | 10/03/2010 | 05/12/2024 | 05/12/2024 | Genel Bağış |
